000 01130nam a2200301 4500
001 000010770
003 UkOxU
005 20200929162305.0
008 500101s1967 us a b 000 0 eng d
010 _aLC 66-19463
035 _aCURL 980066019463(Lc ) from awac34
041 1 _aeng
_hund
050 0 _aTJ175
_bH213 1967
082 _aD0501625551
100 1 _aHain, Kurt,
_d1908-
_925991
240 1 0 _aAngewandte Getriebelehre.
_lEnglish
245 1 0 _aApplied kinematics /
_cEdited by Douglas P. Adams [and] Thomas P. Goodman. Translated by D. P. Adams [and others].
250 _a2d ed
260 _aNew York :
_bMcGraw-Hill,
_c[1967].
300 _axxiv, 727 p :
_billus ;
_c23 cm.
504 _aBibliography: p. 639-702. "Publications of Kurt Hain, 1961- 1966": p. 703-704
650 0 _aMachinery, kinematics of
_925992
650 0 _aMechanics, applied
_925993
852 _711194805
_yAvailable
852 _711194802
_yIn place
_5N12045623
910 _aDC
999 _c10523
_d10523
040 _aDO-SdBNP